Catalog

Record Details

Catalog Search



USCG Cutter Eagle: The Legacy of the Coast Guard's ... Read More

Sofrin, Will(Author).

Available copies

  • 0 of 1 copy available at LARL/NWRL Consortium.
  • 0 of 1 copy available at Lake Agassiz Regional Library. (Show preferred library)

Current holds

0 current holds with 1 total copy.

Show All Copies
Location Call Number / Copy Notes Barcode Shelving Location Status Due Date

Record details

  • ISBN: 9781493092628
  • ISBN: 1493092626
  • Publisher: Lyons Press 2026

Content descriptions

Summary, etc.:
USCG Cutter Eagle not only carries a complex and ... Read More
LDR 00900nam a22001695a 4500
001489989
003LARL_NWRL_CONSORTIUM
008260611s2026 |||| ||| ||||||||||||
010 . ‡a 2025033296
020 . ‡a9781493092628 ‡c$24.95
020 . ‡a1493092626 ‡c$24.95
1001 . ‡aSofrin, Will
24510. ‡aUSCG Cutter Eagle: The Legacy of the Coast Guard's Flagship
260 . ‡bLyons Press ‡c2026
263 . ‡a06/16/2026 ‡b2026-06-16 ‡c2026-06
264 . ‡bLyons Press ‡c2026
520 . ‡aUSCG Cutter Eagle not only carries a complex and compelling history but also remains a vital training platform, shaping generations of Coast Guard leaders while representing the United States on the global stage. The extraordinary evolution of this iconic ship--from a Nazi tool of war to an American beacon of collaboration--offers a narrative rich with intrigue, transformation, and contemporary relevance.
961 . ‡aZRO_L_CATALOGING ‡b1 ‡cNew ‡fpm ‡iBook ‡p24.95
962 . ‡aANF 6-11-26
905 . ‡uvanderl
901 . ‡a489989 ‡bAUTOGEN ‡c489989 ‡tbiblio ‡sIngram On-Order

Additional Resources